000
00271nam a2200109Ia 4500
008
190216s9999||||xx |||||||||||||| ||und||
100
_a
Madava Panikker
245
0
_a
Space Science Quiz
260
_b
Kerala Sasthra Sahithya Parishad
650
_a
References
942
_c
REF
999
_c
35829
_d
35829